Datum a čas kvízu
32
Celkem bodů
Celkový počet nahraných bodů na tomto kvízu bez doplňovacích otázek.
5.
Pořadí na kvízu
Konečné umístění týmu na tomto kvízu.
Zaznamenané odpovědi
| # | Otázka | Odpověď | Body | Výsledky |
|---|---|---|---|---|
| 1. | V pátek přejel první vlak přes... | Orlík | 1 | |
| 2. | Po devíti dnech pátrání byla v... | v Paříži | 1 | |
| 3. | Ve kterém roce byl zničen chrá... | Dykuvzdání | 0 | |
| 4. | Na závěr hledáme název českosl... | o Německu | 1 | |
| 5. | V pondělí byl potvrzen vstup n... | B) Cadillac | 0 | |
| 6. | Začneme mladším (a slavnějším)... | R.U.R. | 1 | |
| 7. | Josef Čapek byl především malí... | A | 1 | |
| 8. | Přiřaďte k těmto literárním dí... | 1C 2A 3B 4D | 0 | |
| 9. | Napište názvy dvou deníků, v n... | Národní listy, Lidové noviny | 1 | |
| 10. | Napište název románu, jehož zá... | Válka s Mloky | 1 |